<?xml version="1.0" encoding="UTF-8"?>
<record
    xmlns:xsi="http://www.w3.org/2001/XMLSchema-instance"
    xsi:schemaLocation="http://www.loc.gov/MARC21/slim http://www.loc.gov/standards/marcxml/schema/MARC21slim.xsd"
    xmlns="http://www.loc.gov/MARC21/slim">

  <leader>04663nam a2200493 a 4500</leader>
  <controlfield tag="001">dia_4714</controlfield>
  <controlfield tag="003">CHAP</controlfield>
  <controlfield tag="005">20240926130712.0</controlfield>
  <controlfield tag="007">ta</controlfield>
  <controlfield tag="008">220117s2011    mx abe frm    001 0 spa d</controlfield>
  <datafield tag="010" ind1=" " ind2=" ">
    <subfield code="a">175443</subfield>
  </datafield>
  <datafield tag="040" ind1=" " ind2=" ">
    <subfield code="a">mxchpua</subfield>
    <subfield code="c">CHAP</subfield>
  </datafield>
  <datafield tag="041" ind1="0" ind2=" ">
    <subfield code="a">spa</subfield>
    <subfield code="b">eng</subfield>
  </datafield>
  <datafield tag="090" ind1=" " ind2=" ">
    <subfield code="a">Tesis </subfield>
    <subfield code="b">C678 </subfield>
    <subfield code="c">2011</subfield>
  </datafield>
  <datafield tag="100" ind1="1" ind2=" ">
    <subfield code="a">Cort&#xE9;s Zavala, Luis Miguel</subfield>
  </datafield>
  <datafield tag="240" ind1="1" ind2="0">
    <subfield code="a">Project for the installation of a vegetable packing (tomatoe (Lycopersicon esculentum Mill), SQUASH (Cucurbita pepo L) and CUCUMBER (Cucumis sativus L)) in Tepalcingo, Morelos.</subfield>
    <subfield code="l">Espa&#xF1;ol</subfield>
  </datafield>
  <datafield tag="245" ind1="1" ind2="0">
    <subfield code="a">Proyecto para la instalaci&#xF3;n de una empacadora de hortalizas (Jitomate Lycopersicon esculentum Mill, Calabacita Cuc&#xFA;rbita pepo L y pepino Cucumis sativus L) en Tepalcingo, Morelos /</subfield>
    <subfield code="c">Luis Miguel Cort&#xE9;s Zavala</subfield>
  </datafield>
  <datafield tag="264" ind1=" " ind2=" ">
    <subfield code="a">Chapingo, M&#xE9;xico :</subfield>
    <subfield code="b">El autor,</subfield>
    <subfield code="c">2011</subfield>
  </datafield>
  <datafield tag="300" ind1=" " ind2=" ">
    <subfield code="a">xiii, 90 hojas :</subfield>
    <subfield code="b">ilustraciones, tablas, mapas, planos +</subfield>
    <subfield code="e">1 CD-ROM</subfield>
  </datafield>
  <datafield tag="336" ind1=" " ind2=" ">
    <subfield code="2">rdacontent</subfield>
    <subfield code="a">texto</subfield>
    <subfield code="b">txt</subfield>
  </datafield>
  <datafield tag="337" ind1=" " ind2=" ">
    <subfield code="2">rdamedia</subfield>
    <subfield code="a">no mediado</subfield>
    <subfield code="b">n</subfield>
  </datafield>
  <datafield tag="338" ind1=" " ind2=" ">
    <subfield code="2">rdacarrier</subfield>
    <subfield code="a">volumen</subfield>
    <subfield code="b">nc</subfield>
  </datafield>
  <datafield tag="502" ind1=" " ind2=" ">
    <subfield code="a">Formulaci&#xF3;n o Evaluaci&#xF3;n de Proyectos </subfield>
    <subfield code="b">(Ingeniero Agroindustrial) --</subfield>
    <subfield code="c">UACh. Departamento de Ingenier&#xED;a Agroindustrial,</subfield>
    <subfield code="d">2011</subfield>
  </datafield>
  <datafield tag="504" ind1=" " ind2=" ">
    <subfield code="a">Bibliograf&#xED;a: hojas 88-90</subfield>
  </datafield>
  <datafield tag="505" ind1="0" ind2="0">
    <subfield code="a">3 planos : --
1. Plano de distribuci&#xF3;n de &#xE1;reas y equipo (Esc. 1:10) --
2. Diagrama de recorrido --
3. Diagrama de flujo del proceso de producci&#xF3;n</subfield>
  </datafield>
  <datafield tag="520" ind1="3" ind2=" ">
    <subfield code="a">Este trabajo tiene la finalidad de realizar un estudio t&#xE9;cnico econ&#xF3;mico, para determinar la factibilidad, rentabilidad y el nivel de riesgo de la instalaci&#xF3;n de una empacadora de hortalizas en Tepalcingo, Morelos. Se desarroll&#xF3; un estudio de mercado, un estudio mercadol&#xF3;gico y de abasto de la materia prima. El dise&#xF1;o del proceso de producci&#xF3;n en planta y la selecci&#xF3;n de maquinaria y equipo representaron una inversi&#xF3;n inicial de $ 5025.25 miles. Considerando el diagn&#xF3;stico de la organizaci&#xF3;n, se acord&#xF3; el establecimiento de una peque&#xF1;a empresa con capacidad de 1566 ton anuales. El an&#xE1;lisis financiero con un horizonte a ocho a&#xF1;os determin&#xF3; que el establecimiento de la empresa es viable, mostrando una Tasa Interna de Retorno (TIR) de 93.58%, un Valor Actual Neto (VAN) de $ 2609.05 miles, y una relaci&#xF3;n B/C de 2.19. Se hizo el an&#xE1;lisis de sensibilidad en el cual se detect&#xF3; que el proyecto es sensible a un incremento en 15% en costos y al decremento en 15% en ingresos ya que a partir del a&#xF1;o 4 se presentan cifras negativas en la utilidad neta de la empresa por lo que se debe cuidar que esto no suceda. Finalmente se concluy&#xF3; que la instalaci&#xF3;n y puesta en marcha de este proyecto es t&#xE9;cnica, econ&#xF3;mica, social y ambientalmente factible.</subfield>
  </datafield>
  <datafield tag="520" ind1="3" ind2=" ">
    <subfield code="a">This work is intended to perform a technical and economic study to determine the feasibility, profitability and risk level of the installation of a vegetable packing in Tepalcingo, Morelos. We developed a market survey, a study marketing muscle and raw material supply. The design of the factory production process and the selection of machinery and equipment accounted for an initial investment of $ 5025.25 miles. Whereas the diagnosis of the organization, agreed to establish a small business with a capacity of 1566 tons per year. The financial analysis with an eight-year horizon determined that the establishment of the company is viable, showing an Internal Rate of Return (IRR) of 93.58%, a Net Present Value (NPV) of $ 2609.05 thousands, and a ratio B / C of 2.19. It was the sensitivity analysis in which it was found that the project is sensitive to a 15% increase in costs and 15% decrease in revenue since starting in year 4 are negative numbers in the company's net income so be careful that this does not happen. Finally it was concluded that the installation and commissioning of this project is technically, economically, socially and environmentally feasible.</subfield>
  </datafield>
  <datafield tag="650" ind1="1" ind2="3">
    <subfield code="a">Envasado de alimentos  </subfield>
    <subfield code="2">atg</subfield>
  </datafield>
  <datafield tag="650" ind1="1" ind2="3">
    <subfield code="a">Industria de los alimentos  </subfield>
    <subfield code="2">atg</subfield>
  </datafield>
  <datafield tag="650" ind1="1" ind2="3">
    <subfield code="a">Legumbres</subfield>
    <subfield code="2">atg</subfield>
    <subfield code="x">Empacado  </subfield>
  </datafield>
  <datafield tag="650" ind1="1" ind2="3">
    <subfield code="a">Plantas empacadoras  </subfield>
    <subfield code="2">atg</subfield>
    <subfield code="z">M&#xE9;xico</subfield>
    <subfield code="z">Morelos</subfield>
  </datafield>
  <datafield tag="650" ind1="1" ind2="3">
    <subfield code="a">Food industry  </subfield>
    <subfield code="2">atg</subfield>
  </datafield>
  <datafield tag="650" ind1="1" ind2="3">
    <subfield code="a">Food packaging  </subfield>
    <subfield code="2">atg</subfield>
  </datafield>
  <datafield tag="650" ind1="1" ind2="3">
    <subfield code="a">Legumes  </subfield>
    <subfield code="x">Packing  </subfield>
    <subfield code="2">atg</subfield>
  </datafield>
  <datafield tag="650" ind1="1" ind2="3">
    <subfield code="a">Packing houses  </subfield>
    <subfield code="2">atg</subfield>
    <subfield code="z">Mexico</subfield>
    <subfield code="z">Morelos</subfield>
  </datafield>
  <datafield tag="700" ind1="1" ind2=" ">
    <subfield code="a">Szymanski Duque, Rosa Guadalupe</subfield>
    <subfield code="e">directora</subfield>
  </datafield>
  <datafield tag="700" ind1="1" ind2=" ">
    <subfield code="a">Ponce Hern&#xE1;ndez, Pedro</subfield>
    <subfield code="e">asesor</subfield>
  </datafield>
  <datafield tag="700" ind1="1" ind2=" ">
    <subfield code="a">Su&#xE1;rez Espinosa, Carlos</subfield>
    <subfield code="e">asesor</subfield>
  </datafield>
  <datafield tag="856" ind1="4" ind2="1">
    <subfield code="u">http://10.13.5.2/tesis/113377.pdf</subfield>
    <subfield code="y">DESCARGAR PDF</subfield>
  </datafield>
  <datafield tag="901" ind1=" " ind2=" ">
    <subfield code="a">Tesis C678 2011</subfield>
  </datafield>
  <datafield tag="902" ind1=" " ind2=" ">
    <subfield code="a">M</subfield>
  </datafield>
  <datafield tag="905" ind1=" " ind2=" ">
    <subfield code="a">5232272011                          mx ainl8223223322spa26</subfield>
  </datafield>
  <datafield tag="942" ind1=" " ind2=" ">
    <subfield code="c">TESIS</subfield>
    <subfield code="2">Clasificaci&#xF3;n Universidad Aut&#xF3;noma Chapingo</subfield>
  </datafield>
  <datafield tag="999" ind1=" " ind2=" ">
    <subfield code="c">175443</subfield>
    <subfield code="d">175443</subfield>
  </datafield>
  <datafield tag="952" ind1=" " ind2=" ">
    <subfield code="0">0</subfield>
    <subfield code="1">0</subfield>
    <subfield code="2">local</subfield>
    <subfield code="4">0</subfield>
    <subfield code="5">1</subfield>
    <subfield code="7">0</subfield>
    <subfield code="8">TESIS</subfield>
    <subfield code="a">IA_</subfield>
    <subfield code="b">IA_</subfield>
    <subfield code="d">2022-01-18</subfield>
    <subfield code="e">El autor</subfield>
    <subfield code="l">0</subfield>
    <subfield code="o">Tesis C678 2011</subfield>
    <subfield code="p">1101006639</subfield>
    <subfield code="r">2022-01-18 00:00:00</subfield>
    <subfield code="t">Ej.2</subfield>
    <subfield code="y">CD</subfield>
  </datafield>
  <datafield tag="952" ind1=" " ind2=" ">
    <subfield code="0">0</subfield>
    <subfield code="1">0</subfield>
    <subfield code="2">local</subfield>
    <subfield code="4">0</subfield>
    <subfield code="5">1</subfield>
    <subfield code="7">0</subfield>
    <subfield code="8">TESIS</subfield>
    <subfield code="a">IA_</subfield>
    <subfield code="b">IA_</subfield>
    <subfield code="d">2022-01-18</subfield>
    <subfield code="e">El autor</subfield>
    <subfield code="l">0</subfield>
    <subfield code="o">Tesis C678 2011</subfield>
    <subfield code="p">1101004670</subfield>
    <subfield code="r">2022-01-18 00:00:00</subfield>
    <subfield code="t">Ej.3</subfield>
    <subfield code="y">CD</subfield>
  </datafield>
  <datafield tag="952" ind1=" " ind2=" ">
    <subfield code="0">0</subfield>
    <subfield code="1">0</subfield>
    <subfield code="2">local</subfield>
    <subfield code="4">0</subfield>
    <subfield code="5">1</subfield>
    <subfield code="7">0</subfield>
    <subfield code="8">TESIS</subfield>
    <subfield code="a">IA_</subfield>
    <subfield code="b">IA_</subfield>
    <subfield code="d">2022-01-18</subfield>
    <subfield code="e">El autor</subfield>
    <subfield code="l">0</subfield>
    <subfield code="o">Tesis C678 2011</subfield>
    <subfield code="p">1101006638</subfield>
    <subfield code="r">2026-02-02 00:00:00</subfield>
    <subfield code="t">Ej.1</subfield>
    <subfield code="y">TESIS</subfield>
  </datafield>
  <datafield tag="952" ind1=" " ind2=" ">
    <subfield code="0">0</subfield>
    <subfield code="1">0</subfield>
    <subfield code="2">local</subfield>
    <subfield code="4">0</subfield>
    <subfield code="7">0</subfield>
    <subfield code="8">TesDigL</subfield>
    <subfield code="a">IA_</subfield>
    <subfield code="b">IA_</subfield>
    <subfield code="c">E_L</subfield>
    <subfield code="d">2024-09-26</subfield>
    <subfield code="e">El autor</subfield>
    <subfield code="l">0</subfield>
    <subfield code="p">1201006638</subfield>
    <subfield code="r">2024-09-26 14:11:05</subfield>
    <subfield code="w">2024-09-26</subfield>
    <subfield code="y">TD</subfield>
  </datafield>
</record>
